Theoretical mechanics; (Record no. 11998)
[ view plain ]
| 000 -LEADER | |
|---|---|
| fixed length control field | 00962cam a22002771 4500 |
| 001 - CONTROL NUMBER | |
| control field | 7475807 |
| 005 - DATE AND TIME OF LATEST TRANSACTION | |
| control field | 20240818092922.0 |
| 008 - FIXED-LENGTH DATA ELEMENTS--GENERAL INFORMATION | |
| fixed length control field | 730104t19581957nyua 000 0 eng |
| 010 ## - | |
| -- | 58011269 |
| 035 ## - SYSTEM CONTROL NUMBER | |
| System control number | (OCoLC)528707 |
| 040 ## - CATALOGING SOURCE | |
| Original cataloging agency | DLC |
| Transcribing agency | ODaWU |
| Modifying agency | OCoLC |
| -- | DLC |
| 042 ## - | |
| -- | premarc |
| 050 00 - LIBRARY OF CONGRESS CALL NUMBER | |
| Classification number | QA805 |
| Item number | .A5 1958 |
| 082 ## - DEWEY DECIMAL CLASSIFICATION NUMBER | |
| Classification number | 531 |
| Edition number | 20 |
| Item number | JOS |
| 100 1# - MAIN ENTRY--PERSONAL NAME | |
| Personal name | Ames, Joseph Sweetman, |
| Dates associated with a name | 1864-1943. |
| 9 (RLIN) | 6802 |
| 245 10 - TITLE STATEMENT | |
| Title | Theoretical mechanics; |
| Remainder of title | an introduction to mathematical physics |
| Statement of responsibility, etc | [by] Joseph Sweetman Ames and Francis D. Murnaghan. |
| 260 ## - | |
| -- | New York, |
| -- | Dover Publications |
| -- | [1958, c1957] |
| 300 ## - PHYSICAL DESCRIPTION | |
| Extent | 462 p. |
| Other physical details | illus. |
| Dimensions | 21 cm. |
| 336 ## - CONTENT TYPE | |
| Source | rdacontent |
| Content type term | text |
| Content type code | txt |
| 337 ## - MEDIA TYPE | |
| Media type term | unmediated |
| Source | rdamedia |
| Media type code | n |
| 338 ## - CARRIER TYPE | |
| Carrier type term | volume |
| Carrier type code | nc |
| Source | rdacarrier |
| 650 #0 - SUBJECT ADDED ENTRY--TOPICAL TERM | |
| Topical term or geographic name as entry element | Mechanics, Analytic. |
| 9 (RLIN) | 6803 |
| 650 #0 - SUBJECT ADDED ENTRY--TOPICAL TERM | |
| Topical term or geographic name as entry element | Mathematical physics. |
| 9 (RLIN) | 6804 |
| 700 1# - ADDED ENTRY--PERSONAL NAME | |
| Personal name | Murnaghan, Francis D. |
| Fuller form of name | (Francis Dominic), |
| Dates associated with a name | 1893- |
| Relator term | joint author. |
| 9 (RLIN) | 6805 |
| 942 ## - ADDED ENTRY ELEMENTS (KOHA) | |
| Source of classification or shelving scheme | Dewey Decimal Classification |
| Koha item type | Book - Borrowing |
| Classification part | RDA-MOD |
| Withdrawn status | Lost status | Source of classification or shelving scheme | Damaged status | Not for loan | Collection code | Home library | Current library | Shelving location | Date acquired | Source of acquisition | Serial Enumeration / chronology | Total Checkouts | Full call number | Barcode | Date last seen | Price effective from | Koha item type |
|---|---|---|---|---|---|---|---|---|---|---|---|---|---|---|---|---|---|
| Dewey Decimal Classification | Alef-Baa | Central Library | Central Library | First floor | 24/06/2009 | 150 | 531 JOS | 000016687 | 15/07/2025 | 24/06/2009 | Book - Borrowing |